NFL Players Colleges (Jack Hard) - Statistics

General Stats
  • This quiz has been taken 325 times
  • The average score is 20 of 27
Answer Stats
Hint College Conference Answer % Correct
Cam Ward ACC Miami
100%
Justin Herbert Big 10 Oregon
97%
Clyde Edwards-Helaire SEC LSU
91%
RG3 Big 12 Baylor
88%
Jaxon dart MF SEC Ole Miss
88%
Sam LaPorta Big 10 Iowa
83%
Kyren Williams Independent Notre Dame
82%
Gardner Minshew Pac 12 Washington State
82%
Derek Carr WAC Fresno State
80%
Rashan Gary Big 10 Michigan
78%
Jaycee Horn SEC South Carolina
78%
Zay Flowers ACC Boston College
77%
Isaiah Pacheco Big 10 Rutgers
73%
Mitch Trubisky ACC UNC
69%
Tank Bigsby SEC Auburn
68%
Tank Dell Big 12 Houston
68%
Josh Allen (LB) SEC Kentucky
68%
Khalil Mack MAC Buffalo
67%
Jayden Reed Big 10 Michigan State
64%
Maxx Crosby MAC Eastern Michigan
61%
Mike Green Sun Belt Marshall
61%
Taliese Fuaga Pac 12 Oregon State
61%
Leighton Vander Esch WAC Boise State
59%
Brett Farve Sun Belt Southern Miss
55%
Trey Mcbride WAC Colorado State
52%
Derwin James Jr ACC FSU
51%
Kenyon Green SEC Texas A&M
51%
No matching quizzes found
Score Distribution
Percent of People with Each Score
Percentile by Number Answered
Your Score History
You have not taken this quiz